[Event "Ruhrgebiet VL1 0910"]
[Site "Germany"]
[Date "2009.10.04"]
[Round "2.8"]
[White "Jenderny, Dietmar"]
[Black "Wieder, Heiner"]
[Result "0-1"]
[WhiteElo "1808"]
[BlackElo "2129"]
[PlyCount "68"]
[EventDate "2009.09.06"]
[EventType "team-tourn"]
[EventRounds "9"]
[EventCountry "GER"]
[SourceTitle "EXT 2011"]
[Source "ChessBase"]
[SourceDate "2010.11.26"]
[SourceVersion "1"]
[SourceVersionDate "2010.11.26"]
[SourceQuality "1"]
[WhiteTeam "Wattenscheid IV"]
[BlackTeam "Oberhausen"]
[WhiteTeamCountry "GER"]
[BlackTeamCountry "GER"]

1. Nf3 f5 2. d4 Nf6 3. c4 d6 4. Nc3 g6 5. g3 Bg7 6. Bg2 0-0 7. 0-0 Nc6 8. b3 Ne4 9. Bb2 e5 10. d5 Nxc3 11. Bxc3 Ne7 12. Ng5 h6 13. Ne6 Bxe6 14. dxe6 Nc6 15. Bd5 Qe7 16. b4 Kh7 17. Qb3 Nd8 18. c5 c6 19. cxd6 Qxd6 20. Bc4 b5 21. Bd3 Nxe6 22. Rfd1 Qe7 23. Rac1 Rfd8 24. e4 f4 25. f3 fxg3 26. hxg3 Qg5 27. Kf2 Rxd3 28. Rxd3 Qxc1 29. Qxe6 Qc2+ 30. Ke3 Rf8 31. Qd7 Qg2 32. Bxe5 Rxf3+ 33. Kd4 Qg1+ 34. Kc3 Qc1+ 0-1

[Event "Ruhrgebiet VL1 0910"]
[Site "Germany"]
[Date "2009.09.06"]
[Round "1.8"]
[White "Wieder, Heiner"]
[Black "Salitrennik, Alexander"]
[Result "1-0"]
[WhiteElo "2129"]
[BlackElo "1746"]
[PlyCount "93"]
[EventDate "2009.09.06"]
[EventType "team-tourn"]
[EventRounds "9"]
[EventCountry "GER"]
[SourceTitle "EXT 2011"]
[Source "ChessBase"]
[SourceDate "2010.11.26"]
[SourceVersion "1"]
[SourceVersionDate "2010.11.26"]
[SourceQuality "1"]
[WhiteTeam "Oberhausen"]
[BlackTeam "Buer"]
[WhiteTeamCountry "GER"]
[BlackTeamCountry "GER"]

1. e4 c6 2. d4 d5 3. e5 Bf5 4. Nc3 e6 5. g4 Bg6 6. Nge2 h6 7. Nf4 Bh7 8. Be3 Bb4 9. Bd3 Bxc3+ 10. bxc3 Bxd3 11. Qxd3 Qh4 12. h3 Nd7 13. Rb1 Nb6 14. a4 Qe7 15. Rb4 Nc4 16. 0-0 g6 17. Rfb1 b6 18. Rxc4 dxc4 19. Qxc4 Qd7 20. a5 Rb8 21. Nd3 Ne7 22. Nc5 Qd8 23. Ne4 Kf8 24. axb6 axb6 25. Qe2 Kg7 26. c4 Rf8 27. c3 Ng8 28. f4 Qd7 29. Nd6 f5 30. Kh2 Kh7 31. gxf5 Rxf5 32. Nxf5 gxf5 33. Rg1 Qf7 34. Bf2 Ne7 35. Qf3 Rg8 36. Rxg8 Qxg8 37. Bh4 Ng6 38. Bf6 Qc8 39. d5 cxd5 40. cxd5 exd5 41. Qxd5 Qc7 42. Qd4 Nf8 43. Bd8 Qc6 44. Bxb6 Ne6 45. Qe3 Nxf4 46. Qxf4 Qxb6 47. Qxf5+ 1-0

[Event "Ruhrgebiet Regionalliga 0405"]
[Site "Ruhrgebiet"]
[Date "2004.11.14"]
[Round "3.5"]
[White "Wieder, Heiner"]
[Black "Kaufeld, Juergen"]
[Result "1-0"]
[WhiteElo "2049"]
[BlackElo "2173"]
[PlyCount "129"]
[EventDate "2004.09.19"]
[EventType "team"]
[EventRounds "9"]
[EventCountry "GER"]
[SourceTitle "EXT 2006"]
[Source "ChessBase"]
[SourceDate "2005.11.24"]
[SourceVersion "1"]
[SourceVersionDate "2005.11.24"]
[SourceQuality "1"]
[WhiteTeam "Oberhausen"]
[BlackTeam "Muelheim Nord II"]
[WhiteTeamCountry "GER"]
[BlackTeamCountry "GER"]

1. f4 Nf6 2. Nf3 g6 3. g3 Bg7 4. Bg2 d5 5. 0-0 c5 6. d3 Nc6 7. Nc3 d4 8. Na4 Nd7 9. c4 Qc7 10. a3 b6 11. Rb1 Bb7 12. b4 Rb8 13. Qc2 0-0 14. bxc5 bxc5 15. Bd2 e6 16. Ng5 Ne7 17. Ne4 f5 18. Rxb7 Rxb7 19. Ng5 Rf6 20. Bxb7 Qxb7 21. Rb1 Qc6 22. Qb3 Rf8 23. Qc2 e5 24. fxe5 Bxe5 25. Nf3 Bd6 26. Nb2 f4 27. g4 Ne5 28. Nxe5 Bxe5 29. Nd1 f3 30. e4 f2+ 31. Nxf2 Bxh2+ 32. Kxh2 Rxf2+ 33. Kg1 Rf3 34. Kg2 Rf8 35. Bh6 Re8 36. Qf2 g5 37. Bxg5 Qg6 38. Qf6 Nc6 39. Qxg6+ hxg6 40. Bf4 Re6 41. Rb5 g5 42. Bg3 Ne5 43. Bxe5 Rxe5 44. Ra5 Kf7 45. Rxa7+ Ke6 46. a4 Kd6 47. a5 Kc6 48. Rf7 Re6 49. Rf5 Rg6 50. e5 Rg8 51. Kf3 Rh8 52. Rxg5 Rh3+ 53. Ke4 Re3+ 54. Kf5 Rxd3 55. Rg6+ Kd7 56. Rd6+ Ke7 57. g5 Rf3+ 58. Ke4 Re3+ 59. Kf4 Ra3 60. a6 Kf7 61. g6+ Kg7 62. Kf5 Rf3+ 63. Ke4 Ra3 64. Kd5 Ra5 65. Kc6 1-0

[Event "Ruhrgebiet VL1 0304"]
[Site "Ruhrgebiet"]
[Date "2004.02.29"]
[Round "7.4"]
[White "Nowicki, Heiko"]
[Black "Wieder, Heiner"]
[Result "1/2-1/2"]
[WhiteElo "1965"]
[BlackElo "2066"]
[PlyCount "66"]
[EventDate "2003.09.28"]
[EventType "team"]
[EventRounds "9"]
[EventCountry "GER"]
[SourceTitle "EXT 2007"]
[Source "ChessBase"]
[SourceDate "2006.11.23"]
[SourceVersion "1"]
[SourceVersionDate "2006.11.23"]
[SourceQuality "1"]
[WhiteTeam "Laeufer Wanne Eickel"]
[BlackTeam "Oberhausen"]
[WhiteTeamCountry "GER"]
[BlackTeamCountry "GER"]

1. e4 Nf6 2. e5 Nd5 3. d4 d6 4. Nf3 Bg4 5. Be2 e6 6. 0-0 Be7 7. c4 Nb6 8. Nc3 0-0 9. Be3 d5 10. c5 Bxf3 11. gxf3 Nc8 12. f4 Bh4 13. Bd3 g6 14. Qg4 Nc6 15. a3 Kh8 16. b4 a6 17. Qh3 f5 18. f3 Rg8 19. Kh1 N8a7 20. Rg1 Qe7 21. Rab1 Rg7 22. Rb2 Rag8 23. a4 a5 24. b5 Nb4 25. Bb1 g5 26. Rbg2 gxf4 27. Rxg7 Rxg7 28. Rxg7 Kxg7 29. Bxf4 Kh8 30. Qg2 Qg7 31. Bd2 Nc8 32. Na2 Nxa2 33. Bxa2 b6 1/2-1/2